000 00430cam a2200133 4500
020 _a0854040161
050 0 0 _aQP 514.2
_b.B76
100 1 _aBrown, Eric Gradwell.
245 1 3 _aAn introduction to biochemistry
_c[by] E. G. Brown.
260 _aLondon,
_bRoyal Institute of Chemistry; Letchworth, Distributed by the Chemical Society Publications Sales Office,
_c1971.
300 _aiii, 112 p.
650 0 _xbiochemistry
942 _cGEN
999 _c2026
_d2026